Notas sobre la polémica econométrica acerca de la relación entre el gasto de defensa y el crecimiento económico en los países del Tercer Mundo
Guardat en:
| Autor principal: | |
|---|---|
| Autor corporatiu: | |
| Altres autors: | |
| Format: | Llibre |
| Idioma: | Spanish |
| Publicat: |
Azcapotzalco, Distrito Federal, México
Universidad Autónoma Metropolitana
1986
|
| Matèries: | |
| Etiquetes: |
Afegir etiqueta
Sense etiquetes, Sigues el primer a etiquetar aquest registre!
|
MARC
| LEADER | 00000nam a2200000 4500 | ||
|---|---|---|---|
| 003 | cru CIDCACS/IIS | ||
| 005 | 20190121114837.0 | ||
| 008 | 190121b1986 MX ||||| |||| 00| 0 spa d | ||
| 999 | |c 42080 |d 42080 | ||
| 040 | |c cru CIDCACS/IIS | ||
| 090 | |a REV0001 7(17) 1986 | ||
| 100 | |9 8242 |a Gitli, Eduardo | ||
| 110 | |9 8187 |a Universidad Autónoma Metropolitana, UAM | ||
| 245 | |a Notas sobre la polémica econométrica acerca de la relación entre el gasto de defensa y el crecimiento económico en los países del Tercer Mundo |c Eduardo Gitli, Juan Rocha | ||
| 260 | |a Azcapotzalco, Distrito Federal, México |b Universidad Autónoma Metropolitana |c 1986 | ||
| 300 | |a Páginas 91-111 | ||
| 650 | 0 | |9 85 |a CIENCIA POLITICA | |
| 650 | 0 | |9 143 |a ECONOMIA | |
| 650 | 4 | |9 2646 |a RELACIONES INTERNACIONALES | |
| 650 | 0 | |9 2347 |a DISPOSITIVOS DE SEGURIDAD | |
| 650 | 0 | |9 7477 |a FINANZAS PUBLICAS | |
| 650 | 0 | |9 382 |a POLITICA INTERNACIONAL | |
| 650 | 4 | |9 1848 |a DIPLOMACIA | |
| 650 | 0 | |9 7975 |a DEFENSA | |
| 650 | 0 | |9 639 |a CRECIMIENTO ECONOMICO | |
| 650 | 0 | |9 5312 |a ECONOMETRIA | |
| 650 | 0 | |9 7972 |a TERCER MUNDO | |
| 650 | 0 | |9 8239 |a ARMAMENTISMO | |
| 700 | |9 8243 |a Rocha, Juan | ||
| 773 | 0 | |0 18805 |9 2594 |d Azcapotzalco UAM |o 02235 |t AZCAPOTZALCO | |
| 942 | |2 ddc |c PP | ||
